000 00734nam2a2200229 4500
001 rc\3061941
005 20260315070608.0
035 _a(NLR Aleph) 007200585
090 _a13627357
_c13627357
100 _a20080227d1935 u y0rusy50 ca
101 0 _arus
102 _aRU
105 _aa z |||||
200 0 _aЧ. 1
210 _d1935
215 _a44 с., [1] с. "Содержание" на обл., 1 вкл. л.: табл.
_cтабл.
461 0 _1001rc\3061939
_12000#$aФундаменты$eЧ. 1-$vЧ. 1
_97627021
_cЛенинград
_d1935
_nСтандартгиз
_oЧ. 1-
_tФундаменты
_vЧ. 1
801 0 _aRU
_bNLR
_gpsbo
801 1 _aRU
_bELAR
_2rusmarc
852 _aNLR
_j34-20/268(3)
942 _cUNSPEC
980 _aNB